Γονείς απλά ! : μαθαίνουμε να ζούμε με λιγότερο άγχος, δίνουμε αξία στην καθημερινότητα, προσφέρουμε χαρά, ηρεμία και ασφάλεια στα παιδιά μας

Αποθηκεύτηκε σε:
Λεπτομέρειες βιβλιογραφικής εγγραφής
Κύριοι συγγραφείς: Payne, Kim John, Ross, Lisa M. (Συγγραφέας)
Άλλοι συγγραφείς: Σταμάτη, Λαμπρινή (trlf)
Μορφή: Βιβλίο
Γλώσσα:Greek
English
Δημοσίευση: Αθήνα : Καλειδοσκόπιο, 2016.
Θέματα:
Ετικέτες: Προσθήκη ετικέτας
Δεν υπάρχουν, Καταχωρήστε ετικέτα πρώτοι!

MARC

LEADER 00000cam a2200000 a 4500
001 1/110748
008 160518s2016####gr | ||| |||| ||gre||
020 |a 9789604710607 
040 |a GR-MyUa  |b gre  |c GR-MyUa  |e AACR2 
041 1 |a gre  |h eng 
082 7 |a 649.1   |2 (23) 
100 1 |a Payne, Kim John. 
245 1 0 |a Γονείς απλά ! :   |b μαθαίνουμε να ζούμε με λιγότερο άγχος, δίνουμε αξία στην καθημερινότητα, προσφέρουμε χαρά, ηρεμία και ασφάλεια στα παιδιά μας /   |c Kim John Payne με τη συνεργασία της Lisa M. Ross ; μετάφραση: Λαμπρινή Σταμάτη.  
260 |a Αθήνα :   |b Καλειδοσκόπιο,   |c 2016.  
300 |a 269 σ. ;   |c 24 εκ.  
500 |a Μετάφραση του: Simplicity pareting: Using the extraordinary power of less to raise calmer, happier and more secure kids.  
504 |a Περιλαμβάνει βιβλιογραφικές παραπομπές.  
650 0 |a Parenting. 
650 0 |a Parent and child. 
650 0 |a Family  |x Psychological aspects. 
650 0 |a Child rearing. 
700 1 |a Σταμάτη, Λαμπρινή.  |e trlf 
700 1 |a Ross, Lisa M.  |e aut 
852 |a INST  |b RHODES  |c EUDOXUS  |e 20160518  |h 649.1 PAY  |p 005400038422  |q 005400038422  |t EDX  |y 0 
920 |a Εύδοξος  |b Παραγγελία  |y Ρόδος-ΠΤΔΕ  |z 2016-04 
970 |z 18-05-2016